000 00809nam a2200253 a 4500
001 36387
003 BD-RjUL
005 20211209052459.0
008 140622s1946 qea b 001 0 eng d
035 _a(BD-RjUL)36484
035 _a(BD-RjUL)
040 _aANL
_beng
_cANL
_dBD-RjUL
041 _aeng
082 0 4 _a321.07
_bMON 1946
100 1 _aMorgan, Arthur E.
_q(Arthur Ernest),
_d1878-1975.
_9109067
245 1 0 _aNowhere was somewhere :
_bhow history makes utopias and how utopias make history /
_cby Arthur E. Morgan.
260 _aChapel Hill,
_c1946.
_bThe University of North Carolina Press,
300 _a234 p. ;
_c21 cm.
504 _aIncludes Index
600 1 0 _aMore, Thomas,
_cSir, Saint,
_d1478-1535.
_9110733
650 0 _aUtopias.
_9110724
942 _2ddc
_cBK
999 _c36387
_d36387